000 00682nam a22002297a 4500
999 _c7116
_d7116
003 AR-CdUCM
008 190313b ||||| |||| 00| 0 spa d
040 _aMUNICIPALIDAD PROVINCIAL DEL CUSCO
_cBIBLIOTECA MUNICIPAL DEL CUSCO
082 _a848.509 /
_bR86
100 _aRousseau, J.J.
_920054
245 _aLas Confesiones /
260 _aParis :
_bGarnier Hermanos.
300 _a415 páginas ;
_c23.5 cm.
500 _aDonación de la familia Nieto
650 _aRousseau
_92604
650 _aFilosofia Occidental
_916876
650 _aPsicológica
_917555
650 _aDiario
_99183
700 _aGil, Alvaro G. (Traductor)
_920055
942 _2ddc
_cLIBROS
945 _araen